| 000 | 01084nam a22002057a 4500 | ||
|---|---|---|---|
| 999 |
_c63638 _d63638 |
||
| 003 | Ge_BSU | ||
| 005 | 20251120144236.0 | ||
| 008 | 251120s1966 ge ||||| |||| 00| 0 geo d | ||
| 041 | _ageo | ||
| 080 | _a911.3:33(479.22) უ-38 | ||
| 100 |
_aუკლება, დავით _96797 |
||
| 245 |
_aალაზნის ველი. შიგნი კახეთი : _b[ეკონომიური გეოგრაფია, სამრეწველო რესურსები] / _cდავით უკლება. |
||
| 264 |
_aთბილისი : _bსაბჭ. საქართველო, _c1966. |
||
| 300 |
_a140 გვ. ; _b 17 სმ. |
||
| 504 | _aბიბლიოგრაფია შენიშვნებში. | ||
| 653 | _aსაქართველოს ეკონომიური გეოგრაფია. | ||
| 653 | _aსაქართველოს ბუნებრივი რესურსები. | ||
| 653 | _aსაქართველოს ეკონომიკა. | ||
| 942 |
_2udc _cᲬᲘᲒᲜᲘ |
||